Movies Titles by Common Beginning Quiz Stats

Quiz Updated Aug 22, 2013

Challenge
Share
Tweet
Embed
Score 0/40 Timer 05:00
1 Play Today
Second Words First Word % Correct
Feet, Gilmore, EndingsHappy
97.1%
Forrester, Nemo, NeverlandFinding
96.4%
Beauty, Pie, PsychoAmerican
96.1%
Beauty, Stallion, SwanBlack
95.4%
Arthur, Creole, KongKing
95.3%
Crime, Grit, LiesTrue
94%
Boys, Santa, TeacherBad
93.7%
Detroit, Dolittle, ZhivagoDoctor
93.2%
Amigos, Kings, WishesThree
92.8%
Actually, Happens, StoryLove
92.3%
Congeniality, Firecracker, PotterMiss
90.2%
Fockers, Nicky, WomenLittle
89.7%
Daddy, Fish, NightBig
89.3%
Dogs, School, YellerOld
87.3%
Hall, Lights, SlickersCity
86.6%
Carter, Shorty, SmartGet
85.5%
Adult, Guns, FrankensteinYoung
84.9%
A, Money, RiderEasy
82.4%
Cowboys, Jam, ChimpsSpace
80.3%
City, Love, MaxMad
79.5%
Second Words First Word % Correct
Dawn, Dragon, SonjaRed
79.2%
America, Bud, ForceAir
78.7%
Security, Treasure, VelvetNational
78.6%
Diamond, Simple, WorkBlood
76.4%
Pounds, Psychopaths, SamuraiSeven
75.6%
Gun, Hat, SecretTop
72.8%
Child, Hogs, RiverWild
72.5%
Fire, Siege, SuspicionUnder
72.1%
Bravo, Grande, LoboRio
66.1%
English, Guitar, MnemonicJohnny
65.3%
Bovary, Butterfly, XMadame
65.1%
Again, Calm, RingersDead
64.9%
Budd, Elliot, LiarBilly
64.7%
Cowboy, Express, RunMidnight
64.3%
Boom, Geniuses, MamaBaby
62.9%
Dundee, League, PayneMajor
48.2%
Flynn, Julia, ThereBeing
37.1%
Blood, Kidd, RonCaptain
34.5%
Problems, Romance, TimesModern
21.3%
Ending, Homicide, ShuffleHollywood
20.8%

You're not logged in!

Compare scores with friends on all Sporcle quizzes.
Join for Free
OR
Log In

You Might Also Like...

Show Comments

Extras

Top Quizzes Today


Score Distribution

Your Account Isn't Verified!

In order to create a playlist on Sporcle, you need to verify the email address you used during registration. Go to your Sporcle Settings to finish the process.

Report this User

Report this user for behavior that violates our Community Guidelines.

Details: